Biblioteca

El Pentateuco un filón inagotable : (Registro nro. 63846)

Detalles MARC
000 -LÍDER
Campo fijo de descripción fija 02118nam a2200493 4500
001 - NÚMERO DE CONTROL
Campo de control a5625343
003 - IDENTIFICADOR DEL NÚMERO DE CONTROL
Campo de control SpMaBN
005 - FECHA Y HORA DE LA ULTIMA TRANSACCIÓN
control field 20170818084749.0
008 - ELEMENTOS DE LONGITUD FIJA -- INFORMACIÓN GENERAL
Campo fijo de descripción fija -- Información general 150323t2015 sp | |||| 001 0 spa
017 ## - COPYRIGHT OR LEGAL DEPOSIT NUMBER
Copyright or legal deposit number NA 39-2015
Assigning agency Oficina Depósito Legal Navarra
Canceled/invalid copyright or legal deposit number NA 60-2014
020 ## - NÚMERO INTERNACIONAL NORMALIZADO PARA LIBROS
Número Internacional Normalizado del libro 9788490731017
040 ## - FUENTE DE CATALOGACIÓN
Agencia de catalogación original SpMaBN
Idioma de catalogación spa
Agencia que realiza la transcripción CO-MdFUSB
Convenciones de la descripción rdc
Agencia que realiza la modificación CO-MdFUSBC
041 1# - CÓDIGO DE IDIOMA
Código de idioma para texto/pista de sonido o título separado spa
Código de idioma original ita
080 ## - UNIVERSAL DECIMAL CLASSIFICATION NUMBER
Universal Decimal Classification number 27-242.4
082 ## - NÚMERO DE CLASIFICACIÓN DECIMAL DEWEY
Número de la edición del Dewey 24
Número de clasificación G 222.106
Clave de autor-Numero de item SK626p
100 1# - ASIENTO PRINCIPAL--NOMBRE PERSONAL
Nombre personal Ska, Jean Louis,
Fechas asociadas con el nombre 1946-
Término relacionador autor
240 10 - TITULO UNIFORME
Título uniforme <a href="Il cantiere del Pentateuco">Il cantiere del Pentateuco</a>
245 13 - TÍTULO
Título del Material El Pentateuco un filón inagotable :
Parte restante del título - Subtitulo problemas de composición y de interpretación : aspectos literarios y teológicos
Mención de responsabilidad, etc. / Jean-Louis Ska
264 #1 - PRODUCCIÓN, PUBLICACIÓN, DISTRIBUCIÓN, MANUFACTURA, Y COPYRIGHT
Lugar de producción, publicación, distribución, manufactura Estella, Navarra
Nombre del productor, publicador, distribuidor Verbo Divino,
Fecha de producción, publicación, distribución, manufactura, o copyright ℗[2015]
264 #4 - PRODUCCIÓN, PUBLICACIÓN, DISTRIBUCIÓN, MANUFACTURA, Y COPYRIGHT
Fecha de producción, publicación, distribución, manufactura, o copyright ©2013, 2015
300 ## - DESCRIPCIÓN FÍSICA
Extensión 302 p. :
Dimensiones 24 cm
336 ## - TIPO DE CONTENIDO
Término de tipo de contenido
Fuente rdadcontent
Código de tipo de contenido
337 ## - TIPO DE MEDIO
Nombre del tipo de medio
Fuente rdamedia
Código del tipo de medio
338 ## - TIPO DE SOPORTE
Fuente rdacarrier
Nombre del tipo de soporte
Código Tipo de soporte
490 ## - MENCIÓN DE SERIE
Mención de serie Estudios Bíblicos
504 ## - NOTA DE BIBLIOGRAFÍA, ETC.
Nota de bibliografía, etc Bibliografía: p. 301[-302]. Índices
505 ## - NOTA DE CONTENIDO
Título Cinco principios para leer el Antiguo Testamento
505 ## - NOTA DE CONTENIDO
Título Génesis 1–11: un texto sacerdotal y sus complementos
505 ## - NOTA DE CONTENIDO
Título Génesis 2–3: algunas cuestiones de fondo
505 ## - NOTA DE CONTENIDO
Título La creación y Dios: el hombre y su dignidad en la Biblia
505 ## - NOTA DE CONTENIDO
Título Las geneaologías del Génesis y las respuestas a los desafíos de la historia
505 ## - NOTA DE CONTENIDO
Título El libro del Éxodo: cuestiones fundamentales y cuestiones abiertas
505 ## - NOTA DE CONTENIDO
Título El derecho y la ley: una distinción fundamental en la Biblia
505 ## - NOTA DE CONTENIDO
Título Abrahán y Moisés, los amigos de Dios
505 ## - NOTA DE CONTENIDO
Título Moisés el escriba y el libro de la Ley
505 ## - NOTA DE CONTENIDO
Título ¿Quién es el sucesor de Moisés según el Deuteronomio?
505 ## - NOTA DE CONTENIDO
Título El Pentateuco y la política imperial persa
505 ## - NOTA DE CONTENIDO
Título «Misericordia quiero y no sacrificios» (Os 6,6): los sacrificios en el Antiguo Testamento y la crítica profética
505 ## - NOTA DE CONTENIDO
Título El amor a Dios, el primer mandamiento en la Biblia cristiana
630 #7 - TITULO UNIFORME
Título uniforme Biblia.
Nombre de parte o sección de la obra Pentateuco
Subdivisión de materia general Crítica e interpretación
Fuente embne
942 ## - TIPO DE MATERIAL (KOHA)
Tipo de Item KOHA Libros General
Existencias
Estado de Material Estado de Perdido Forma de Clasificación Estado de Dañado No para Préstamo Colección Biblioteca de Origen Biblioteca Permanente Fecha de Adquisición Total de Préstamos Total de Renovaciones Signatura Topográfica Código de Barras Última vez visto Última vez Préstado Ejemplar/Existencia Fecha de Remplazo Tipo de Material
    Dewey Decimal Classification     Colección General Biblioteca FUSBC Biblioteca FUSBC 08/03/2017 7 8 G 222.106 SK626p 11101 12/09/2023 29/08/2023 Ej. 1 08/03/2017 Libros General

Biblioteca FUSBC | Teléfono: (57+4) 349 88 10 Ext. 141| WhatsApp (+57) 3005338115 
E-mail: biblioteca@unisbc.edu.co | Calle 76 87-14 Robledo Palenque, Medellín, Colombia

Con tecnología Koha